000 00760nam a2200229 a 4500
001 BRCA_6082
005 20190320205328.0
008 120608s2005----mx-a---###---#000-0#spa-#
050 4 _aN6494.A7
_b.W54 2005
100 1 _aWiencke Olivares, Isaura
_915379
245 1 0 _aEl legado del Art Déco.
260 _aCiudad de México
_c2005
300 _a260 p.
_bil.
502 _aTesis Maestría (Maestra en Historia del Arte) UNAM, Facultad de Filosofía y Letras
650 1 4 _aArt decó
_xHistoria
_915380
650 1 4 _aArt decó en la vida cotidiana
_y1920-1940
_zMéxico
_915381
650 1 4 _aArtes decorativas
_91921
650 1 4 _aArte moderno
_ySiglo XX
_91863
700 1 _aMartínez Lámbarry, Margarita
_easesor
_915382
902 _aTES
942 _2lcc
_cTES
999 _c5769
_d5769